00262nam a2200109Ia 4500008004100000020001800041082001400059100002200073245003300095260001000128500001400138260604s9999 xx 000 0 und d a9789387340343 a808.3 SHR aShree Book Centre 0aRajkumari aur Matar ka Daana bSHREE aRajkumari